[Event "SERBIA OPEN 2023 - MASTERS"]
[Site "Belgrade,Metropol Palace hotel"]
[Date "2023.07.21"]
[Round "6.49"]
[White "Geivondian, Arman"]
[Black "Tregubenko, Nikolay"]
[Result "1-0"]
[WhiteElo "2356"]
[BlackElo "2130"]
[PlyCount "105"]
[EventDate "2023.07.16"]

1. d4 Nf6 2. Bg5 Ne4 3. Bf4 c5 4. f3 Qa5+ 5. c3 Nf6 6. d5 e6 7. e4 exd5 8. exd5 d6 9. Na3 Be7 10. Nc4 Qd8 11. a4 O-O 12. Ne2 Na6 13. Ng3 Nc7 14. Ne3 g5 15. Bxg5 Nfxd5 16. Nxd5 Bxg5 17. Ne4 Re8 18. Kf2 Nxd5 19. Qxd5 Re5 20. Qd1 Bh6 21. Bc4 Be6 22. Bxe6 Rxe6 23. Qd5 Qb6 24. Rhe1 c4+ 25. Kf1 Rg6 26. Re2 Bf4 27. g3 Be5 28. f4 Bxf4 29. a5 Qd8 30. gxf4 Qh4 31. Ng3 Qxf4+ 32. Rf2 Qh4 33. Qxf7+ Kh8 34. Re1 Qh3+ 35. Kg1 Rag8 36. Rg2 Qh6 37. Qxc4 Rg4 38. Qd5 Qf4 39. Qxb7 h5 40. Qd5 R4g5 41. Qe4 Qf7 42. Qe6 Qg7 43. Qxd6 Rg6 44. Re6 Rxe6 45. Qxe6 Qg5 46. h4 Qc1+ 47. Kh2 Qf4 48. Qe4 Qc7 49. Qf5 Rg7 50. Qxh5+ Kg8 51. Qe8+ Kh7 52. Qe4+ Kg8 53. Kh3 1-0

[Event "SERBIA OPEN 2023 - MASTERS"]
[Site "Belgrade,Metropol Palace hotel"]
[Date "2023.07.21"]
[Round "6.50"]
[White "Marn, Jan"]
[Black "Pantovic, Dragan M"]
[Result "1-0"]
[WhiteElo "2345"]
[BlackElo "2057"]
[PlyCount "85"]
[EventDate "2023.07.16"]

1. d4 f5 2. Nc3 Nf6 3. Bg5 d5 4. e3 e6 5. Nf3 Be7 6. Bd3 O-O 7. O-O c5 8. dxc5 Bxc5 9. Ne2 h6 10. Bf4 Nh5 11. c4 Nc6 12. cxd5 Qxd5 13. Rc1 Bb6 14. Bc4 Qxd1 15. Rfxd1 Nxf4 16. Nxf4 Re8 17. Bb5 Rd8 18. Rxd8+ Nxd8 19. Ne5 Nf7 20. Neg6 Nd6 21. Ne7+ Kf7 22. Nxc8 Rxc8 23. Rxc8 Nxc8 24. Bd7 Nd6 25. Bxe6+ Kf6 26. Bd5 g5 27. Nd3 Bd8 28. Kf1 b6 29. f3 Ne8 30. Ke2 Bc7 31. h3 Bd6 32. g4 fxg4 33. hxg4 Ng7 34. Nf2 Ke5 35. Bf7 a6 36. Ne4 Bc7 37. Kd3 b5 38. a3 Bb6 39. b4 Ba7 40. Ke2 Ne6 41. Bxe6 Kxe6 42. Kd3 Bb6 43. Nc3 1-0

[Event "SERBIA OPEN 2023 - MASTERS"]
[Site "Belgrade,Metropol Palace hotel"]
[Date "2023.07.21"]
[Round "6.51"]
[White "Todorovic, Goran M"]
[Black "Stefanou, Konstantinos"]
[Result "0-1"]
[WhiteElo "2333"]
[BlackElo "2051"]
[PlyCount "88"]
[EventDate "2023.07.16"]

1. e4 c5 2. Nf3 Nc6 3. d4 cxd4 4. Nxd4 Nf6 5. Nc3 e5 6. Ndb5 d6 7. Bg5 a6 8. Na3 b5 9. Bxf6 gxf6 10. Nd5 Bg7 11. g3 f5 12. exf5 Bxf5 13. Bg2 Rc8 14. c3 O-O 15. Nc2 Be6 16. a4 f5 17. axb5 axb5 18. Ra6 Kh8 19. Ncb4 Nxb4 20. Nxb4 e4 21. Rxd6 Qe8 22. O-O Be5 23. Rd2 Bg7 24. Re1 Qf7 25. Bf1 Qb7 26. Qe2 Bc4 27. Qe3 Rcd8 28. Bxc4 f4 29. gxf4 bxc4 30. Nd5 Rf5 31. Red1 Qf7 32. Kh1 Bh6 33. Qd4+ Bg7 34. Qe3 Bh6 35. Rd4 Qh5 36. R4d2 Rdf8 37. f3 exf3 38. Qd4+ Bg7 39. Qxc4 f2 40. Qd3 Re5 41. Rf1 Re1 42. Kg2 Rxf1 43. Kxf1 Qxh2 44. Ke2 Qg2 0-1

[Event "SERBIA OPEN 2023 - MASTERS"]
[Site "Belgrade,Metropol Palace hotel"]
[Date "2023.07.21"]
[Round "6.52"]
[White "Marjanovic, Rastko"]
[Black "Shahil, Dey"]
[Result "0-1"]
[WhiteElo "2072"]
[BlackElo "2333"]
[PlyCount "60"]
[EventDate "2023.07.16"]

1. e4 c5 2. c3 Nf6 3. e5 Nd5 4. Nf3 d6 5. d4 cxd4 6. Qxd4 e6 7. Nbd2 a6 8. exd6 Nc6 9. Qg4 Qxd6 10. Nc4 Qd8 11. Qg3 f6 12. a4 e5 13. Be2 Be6 14. O-O Qc7 15. a5 Bc5 16. Re1 O-O-O 17. Bf1 g5 18. b4 Ba7 19. b5 axb5 20. Na3 Nxc3 21. Bb2 b4 22. Bxc3 bxa3 23. Rxa3 h5 24. h4 g4 25. Nxe5 fxe5 26. Bxe5 Nxe5 27. Rxe5 Bd5 28. Rc3 Bc6 29. a6 Kb8 30. axb7 Bd4 0-1

[Event "SERBIA OPEN 2023 - MASTERS"]
[Site "Belgrade,Metropol Palace hotel"]
[Date "2023.07.21"]
[Round "6.53"]
[White "Stefanovic, Bosko"]
[Black "Veljanoski, Andrej"]
[Result "0-1"]
[WhiteElo "2039"]
[BlackElo "2327"]
[PlyCount "110"]
[EventDate "2023.07.16"]

1. d4 d5 2. Bf4 Nf6 3. e3 c5 4. Nd2 Nc6 5. c3 Bf5 6. Ngf3 e6 7. Bb5 Qb6 8. Qa4 Nd7 9. Ne5 Ndxe5 10. Bxe5 a6 11. Bxc6+ Qxc6 12. Qxc6+ bxc6 13. dxc5 f6 14. Bg3 Bxc5 15. Nb3 Bb6 16. Nd4 Kd7 17. Nxf5 exf5 18. O-O-O h5 19. h4 Ke6 20. Rhe1 Rhe8 21. Kc2 Kf7 22. Rd2 Re4 23. Rh1 Rg4 24. Rh3 Re8 25. b3 Re6 26. Kd3 Ba7 27. Re2 Rg6 28. f3 Rh6 29. Bf4 Rh8 30. Rh1 Rg8 31. Rhe1 g5 32. Bg3 Rge8 33. a4 Bb6 34. Kd2 c5 35. Bf2 Ba5 36. Kd3 c4+ 37. bxc4 dxc4+ 38. Kc2 Rb6 39. Rb1 Rxb1 40. Kxb1 Bxc3 41. Rc2 Rb8+ 42. Ka2 Rb3 43. e4 fxe4 44. fxe4 Ke6 45. hxg5 fxg5 46. Be3 Ke5 47. Bxg5 Kxe4 48. Re2+ Kd3 49. Re3+ Kc2 50. Re2+ Kd1 51. Re3 Bd2 52. Re5 Bc3 53. Re4 Rb4 54. Ka3 Rb1 55. Rxc4 Kc2 0-1

[Event "SERBIA OPEN 2023 - MASTERS"]
[Site "Belgrade,Metropol Palace hotel"]
[Date "2023.07.21"]
[Round "6.54"]
[White "Petrovic, Aleksa"]
[Black "Cansu, Batuhan"]
[Result "1-0"]
[WhiteElo "2311"]
[BlackElo "2043"]
[PlyCount "77"]
[EventDate "2023.07.16"]

1. Nf3 Nf6 2. g3 g6 3. b3 Bg7 4. Bb2 O-O 5. Bg2 c5 6. c4 Nc6 7. O-O d5 8. cxd5 Nxd5 9. Bxg7 Kxg7 10. d4 cxd4 11. Nxd4 e6 12. Nxc6 bxc6 13. Qd4+ Qf6 14. Qxf6+ Kxf6 15. Rc1 Bb7 16. Nd2 Rac8 17. Rc5 Rc7 18. Rac1 Rd8 19. Ra5 Bc8 20. Ne4+ Ke7 21. Kf1 f6 22. Ke1 e5 23. Nc5 Nb6 24. Nd3 Rd6 25. Nb4 Kd7 26. Rac5 Bb7 27. e3 Rc8 28. Bh3+ f5 29. Rxe5 c5 30. Rexc5 Rxc5 31. Rxc5 Bf3 32. Rc1 a5 33. Nc2 a4 34. Nd4 Be4 35. bxa4 Nxa4 36. Bf1 Nb2 37. Kd2 Rb6 38. Bb5+ Kd6 39. Kc3 1-0

[Event "SERBIA OPEN 2023 - MASTERS"]
[Site "Belgrade,Metropol Palace hotel"]
[Date "2023.07.21"]
[Round "6.55"]
[White "Wen, Teddie"]
[Black "Phatak, Aanjaneya"]
[Result "1-0"]
[WhiteElo "2306"]
[BlackElo "2040"]
[PlyCount "73"]
[EventDate "2023.07.16"]

1. d4 Nf6 2. c4 g6 3. Nc3 Bg7 4. e4 d6 5. Nf3 O-O 6. Be2 e5 7. d5 Nbd7 8. Be3 Ng4 9. Bg5 f6 10. Bh4 g5 11. Bg3 Nh6 12. Nd2 f5 13. exf5 Nxf5 14. Nde4 b6 15. b4 a5 16. a3 axb4 17. axb4 Rxa1 18. Qxa1 Nd4 19. Qb2 Nf6 20. Nxg5 e4 21. Qd2 Bf5 22. O-O h6 23. Qxd4 hxg5 24. Qe3 Nd7 25. Nxe4 Qe7 26. Nxg5 Ne5 27. Bxe5 dxe5 28. c5 Bh6 29. h4 Rf6 30. Bc4 Kh8 31. d6 cxd6 32. cxb6 Qb7 33. Nf7+ Kh7 34. Nxh6 Rxh6 35. Ra1 Bd7 36. Bd3+ Rg6 37. Qe4 1-0

[Event "SERBIA OPEN 2023 - MASTERS"]
[Site "Belgrade,Metropol Palace hotel"]
[Date "2023.07.21"]
[Round "6.56"]
[White "Vershinin, Igor"]
[Black "Martic, Ivan"]
[Result "0-1"]
[WhiteElo "2027"]
[BlackElo "2301"]
[PlyCount "96"]
[EventDate "2023.07.16"]

1. e4 c5 2. Nf3 d6 3. d4 cxd4 4. Nxd4 Nf6 5. Nc3 a6 6. Be3 e5 7. Nb3 Be7 8. Qd2 Be6 9. O-O-O Nbd7 10. f4 exf4 11. Bxf4 Ne5 12. Nd4 Qc8 13. Nxe6 fxe6 14. g3 Qc5 15. Bxe5 dxe5 16. Bh3 Kf7 17. g4 Rad8 18. Qe2 h6 19. Bg2 g5 20. Rdf1 Kg6 21. h4 Qd4 22. Rh3 gxh4 23. Rxh4 Nh7 24. Rh3 Bg5+ 25. Kb1 Rhf8 26. Rd3 Qc5 27. Rxd8 Rxd8 28. a3 Rd2 29. Qf3 Bf4 30. Qh3 Kg7 31. Rh1 Qf2 32. g5 Bxg5 33. Qxe6 Qxg2 34. Qxe5+ Nf6 35. Re1 Qf2 36. Rh1 Qf3 37. Rg1 Qe3 38. Rf1 Qd4 39. Qe7+ Kh8 40. Rh1 Qd7 41. Qf8+ Ng8 42. Qc5 Qe7 43. Qc4 Qg7 44. Nd5 Qd4 45. Qf1 Qxe4 46. Nb4 a5 47. Nd3 Qc6 48. c3 Rxd3 0-1

[Event "SERBIA OPEN 2023 - MASTERS"]
[Site "Belgrade,Metropol Palace hotel"]
[Date "2023.07.21"]
[Round "6.57"]
[White "Saravanan, V.."]
[Black "Garabetyan, Arno"]
[Result "1-0"]
[WhiteElo "2298"]
[BlackElo "2035"]
[PlyCount "97"]
[EventDate "2023.07.16"]

1. d4 Nf6 2. c4 e6 3. Nc3 d5 4. cxd5 exd5 5. Bg5 c6 6. e3 Be7 7. Bd3 Nbd7 8. Nge2 Ne4 9. Bxe7 Qxe7 10. Bxe4 dxe4 11. Ng3 Nf6 12. Qc2 O-O 13. Ngxe4 Nxe4 14. Qxe4 Qb4 15. Qc2 Bf5 16. Qd2 Rad8 17. O-O Rfe8 18. Rad1 Be6 19. Rfe1 f5 20. a3 Qf8 21. Ne2 Qf6 22. Rc1 Rd7 23. Nf4 Bf7 24. Nd3 g5 25. Qa5 Rde7 26. Qxa7 f4 27. Ne5 Bd5 28. Qc5 Qf5 29. Qc2 Qxc2 30. Rxc2 fxe3 31. fxe3 Rf8 32. Rf1 Rxf1+ 33. Kxf1 Kg7 34. Rf2 c5 35. Ke2 Be4 36. Kd2 cxd4 37. exd4 Rc7 38. Ke3 Bd5 39. g3 h6 40. Kd2 Rc8 41. Nd3 b6 42. Nb4 Bf7 43. Rf5 Rd8 44. Ke3 Rd6 45. d5 Rd8 46. Kd4 Bg6 47. Re5 Rf8 48. Re2 Rf6 49. Kc4 1-0

[Event "SERBIA OPEN 2023 - MASTERS"]
[Site "Belgrade,Metropol Palace hotel"]
[Date "2023.07.21"]
[Round "6.58"]
[White "Yilmaz, Baver"]
[Black "Andersen, Gunnar"]
[Result "1/2-1/2"]
[WhiteElo "2023"]
[BlackElo "2279"]
[PlyCount "184"]
[EventDate "2023.07.16"]

1. e4 c5 2. Nf3 Nc6 3. d4 cxd4 4. Nxd4 g6 5. c4 Bg7 6. Be3 Qb6 7. Nb3 Qd8 8. Qd2 Nf6 9. f3 d6 10. Nc3 O-O 11. Be2 a5 12. O-O a4 13. Nd4 Nxd4 14. Bxd4 Qa5 15. Rfd1 Be6 16. Nd5 Bxd5 17. Qxa5 Rxa5 18. cxd5 Nd7 19. Rac1 Nc5 20. Rc2 Rb8 21. Bxg7 Kxg7 22. Rd4 b5 23. Rb4 Na6 24. Rd4 Nc5 25. Rb4 Kf8 26. Kf2 Na6 27. Rd4 Nc5 28. Rb4 Ke8 29. Ke3 Na6 30. Rd4 Nc5 31. Rb4 Kd8 32. f4 Na6 33. Rd4 Nc5 34. Rb4 Rb7 35. g3 Na6 36. Rd4 Nc5 37. Rb4 Na6 38. Rd4 Rc7 39. Rxc7 Kxc7 40. Bf1 Kb6 41. Be2 a3 42. b3 Kc5 43. Bd3 Nb4 44. Bb1 Ra8 45. Rd1 h5 46. h3 Kb6 47. Rc1 h4 48. g4 f6 49. Kd4 g5 50. f5 Rb8 51. Rc3 Kb7 52. Rc1 Ra8 53. Rc3 Ra5 54. Rc1 Na6 55. Kc3 Kb6 56. Kd4 Nc5 57. Bc2 Ra7 58. b4 Na6 59. Rb1 Rc7 60. Bd3 Rc8 61. Ke3 Rc7 62. Kd2 Nb8 63. Rb3 Na6 64. Be2 Ra7 65. Bd3 Nc7 66. Rc3 Ra4 67. Rc6+ Kb7 68. Kc3 Ra8 69. Kb3 Ra4 70. Bxb5 Ra7 71. Bd3 Na8 72. Rc3 Nb6 73. Bb5 Kb8 74. Bc6 Ra6 75. Bb5 Ra7 76. Rc6 Kb7 77. Be2 Nd7 78. Rc3 Nb6 79. Bb5 Kb8 80. Rc6 Kb7 81. Kc2 Nd7 82. Rc3 Nb6 83. Kd3 Kb8 84. Rb3 Kb7 85. Kc3 Kb8 86. Bc6 Kc7 87. Kd4 Kb8 88. Rc3 Ra6 89. Bb5 Ra7 90. Rc6 Kb7 91. Kc3 Nd7 92. Kb3 Nb6 1/2-1/2

[Event "SERBIA OPEN 2023 - MASTERS"]
[Site "Belgrade,Metropol Palace hotel"]
[Date "2023.07.21"]
[Round "6.59"]
[White "Averin, Nikolay"]
[Black "Ostojic, Katarina"]
[Result "1-0"]
[WhiteElo "2276"]
[BlackElo "2009"]
[PlyCount "127"]
[EventDate "2023.07.16"]

1. e4 e5 2. Nf3 Nc6 3. Bb5 Nf6 4. O-O Nxe4 5. d4 Nd6 6. dxe5 Nxb5 7. a4 Nbd4 8. Nxd4 Nxd4 9. Qxd4 d5 10. Nc3 c6 11. a5 Bf5 12. b4 Be7 13. Ne2 O-O 14. c3 f6 15. Bf4 Kh8 16. Rfe1 fxe5 17. Bxe5 Bf6 18. f3 Bxe5 19. Qxe5 Qd7 20. Nd4 Rae8 21. Qg3 Bg6 22. Rxe8 Rxe8 23. Re1 b6 24. h3 bxa5 25. bxa5 c5 26. Nb3 Rxe1+ 27. Qxe1 h6 28. Nxc5 Qb5 29. Qe7 Qb1+ 30. Kh2 Qb8+ 31. Kg1 Qb1+ 32. Kf2 Qb2+ 33. Kg3 Qxc3 34. Ne6 Qe1+ 35. Kh2 Qe5+ 36. f4 Qf6 37. Qxf6 gxf6 38. g4 Bd3 39. Kg3 Kh7 40. f5 Bc4 41. Kf3 h5 42. gxh5 Bb3 43. Nf4 Bc2 44. Nxd5 Bxf5 45. Nxf6+ Kh6 46. h4 Bc2 47. Kf4 Bd1 48. Ke5 Kg7 49. Kf5 Kh6 50. Kf4 Be2 51. Ke3 Bd1 52. Ke4 Kg7 53. Ke5 Be2 54. Kf5 Kh6 55. Kf4 Bd1 56. Ke3 Kg7 57. Ne8+ Kf7 58. Nd6+ Kg7 59. Nb5 a6 60. Nc7 Ba4 61. Nxa6 Bc6 62. Nc7 Kh6 63. Kf4 Kxh5 64. Kg3 1-0

[Event "SERBIA OPEN 2023 - MASTERS"]
[Site "Belgrade,Metropol Palace hotel"]
[Date "2023.07.21"]
[Round "6.60"]
[White "Bozinovic, Boban"]
[Black "Ivanovic, Marko"]
[Result "0-1"]
[WhiteElo "1954"]
[BlackElo "2254"]
[PlyCount "78"]
[EventDate "2023.07.16"]

1. e4 d6 2. d4 Nf6 3. Nc3 e5 4. dxe5 dxe5 5. Qxd8+ Kxd8 6. Bc4 Ke8 7. Nf3 Bd6 8. h3 c6 9. a3 Nbd7 10. Be3 b5 11. Bd3 a5 12. O-O Ke7 13. Rfe1 h6 14. Rad1 Rb8 15. Nb1 Nb6 16. c3 Be6 17. Nbd2 Nc4 18. Rb1 Nxe3 19. Rxe3 Rhd8 20. Bc2 c5 21. Ree1 g6 22. Rbd1 c4 23. Ra1 Nh5 24. Nf1 Nf4 25. Rad1 b4 26. axb4 axb4 27. Ne3 bxc3 28. bxc3 Rb2 29. Kf1 Ra8 30. Ra1 Rba2 31. Rxa2 Rxa2 32. Rd1 Bc5 33. Ne1 Ra3 34. Nd5+ Bxd5 35. exd5 Rxc3 36. h4 Kd6 37. g3 Nxd5 38. Be4 Bd4 39. Nf3 f5 0-1

[Event "SERBIA OPEN 2023 - MASTERS"]
[Site "Belgrade,Metropol Palace hotel"]
[Date "2023.07.21"]
[Round "6.61"]
[White "Mitev, Valentin"]
[Black "Tenuunbold, Battulga"]
[Result "1-0"]
[WhiteElo "2252"]
[BlackElo "2002"]
[PlyCount "75"]
[EventDate "2023.07.16"]

1. d4 d5 2. Nf3 Nf6 3. e3 Bf5 4. c4 c6 5. Nc3 e6 6. Nh4 Be4 7. Qb3 Qb6 8. Bd2 Nbd7 9. Qxb6 axb6 10. f3 Bg6 11. cxd5 exd5 12. e4 dxe4 13. Nxg6 hxg6 14. fxe4 Bb4 15. e5 Bxc3 16. bxc3 Ne4 17. Bd3 Nxd2 18. Kxd2 Ke7 19. a4 Ra5 20. Bc2 g5 21. h3 f6 22. exf6+ gxf6 23. Rhf1 c5 24. Rae1+ Kd6 25. Bb3 Rh4 26. Kd3 cxd4 27. cxd4 b5 28. Rf5 Kc7 29. Re7 Ra6 30. axb5 Rd6 31. Rd5 Rxd5 32. Bxd5 Kd6 33. Rf7 g4 34. hxg4 Rxg4 35. Bxb7 Rg6 36. Be4 Rh6 37. Bf5 Nb6 38. Rb7 1-0

[Event "SERBIA OPEN 2023 - MASTERS"]
[Site "Belgrade,Metropol Palace hotel"]
[Date "2023.07.21"]
[Round "6.62"]
[White "Barath, Kalyan M"]
[Black "Tulchynskyi, Feliks"]
[Result "0-1"]
[WhiteElo "2020"]
[BlackElo "2248"]
[PlyCount "118"]
[EventDate "2023.07.16"]

1. b3 d5 2. Bb2 Nf6 3. Nf3 e6 4. c4 c5 5. e3 Be7 6. Be2 O-O 7. O-O dxc4 8. Bxc4 a6 9. d4 b5 10. Be2 Bb7 11. dxc5 Bxc5 12. Qxd8 Rxd8 13. Nc3 Nbd7 14. Rfd1 Nb6 15. Rac1 Be7 16. Nb1 Ne8 17. Nbd2 Rac8 18. a3 f6 19. b4 e5 20. Nb3 Rxd1+ 21. Rxd1 Bd5 22. Nfd2 Rc2 23. Bc1 Bxb3 24. Nxb3 Rxe2 25. Bd2 Nc4 26. Kf1 Rxd2 27. Nxd2 Nxa3 28. Nb3 Bxb4 29. Rd8 Kf7 30. Rd7+ Kg6 31. Ra7 Nc4 32. Rxa6 Nd2+ 33. Nxd2 Bxd2 34. Ke2 Bc3 35. Kd3 b4 36. Rb6 Kf7 37. f3 f5 38. e4 fxe4+ 39. Kxe4 Nf6+ 40. Kd3 Nd5 41. Rb7+ Ke6 42. g3 h6 43. Ke4 Nf6+ 44. Kd3 Nd7 45. Kc4 Kd6 46. Ra7 Kc6 47. Ra6+ Nb6+ 48. Kb3 Kb7 49. Ra5 Na8 50. Rd5 Kc6 51. Rd8 Nc7 52. Rg8 Ne6 53. Kc4 Kd6 54. Rb8 Nd4 55. Rb7 Nxf3 56. Rxg7 Nd2+ 57. Kb5 b3 58. Rb7 b2 59. Ka4 b1=Q 0-1

[Event "SERBIA OPEN 2023 - MASTERS"]
[Site "Belgrade,Metropol Palace hotel"]
[Date "2023.07.21"]
[Round "6.63"]
[White "Sunyuktha, C M N."]
[Black "Ince, Taylan Ruzgar"]
[Result "0-1"]
[WhiteElo "1945"]
[BlackElo "2240"]
[PlyCount "66"]
[EventDate "2023.07.16"]

1. e4 e6 2. d4 d5 3. Nc3 Nf6 4. exd5 exd5 5. Bg5 Be7 6. Qd2 h6 7. Bf4 O-O 8. Bd3 Re8 9. Nge2 c5 10. dxc5 Bxc5 11. O-O a6 12. Ng3 Nc6 13. Nf5 d4 14. Ne2 Ne4 15. Bxe4 Rxe4 16. Nfg3 Re8 17. Qd3 g5 18. Bc1 Ne5 19. Qd1 d3 20. Nc3 dxc2 21. Qxc2 Qd3 22. Qa4 Bd7 23. Qe4 Bc6 24. Qf5 Qxf5 25. Nxf5 Ng4 26. Bd2 Re5 27. Ng3 Rd8 28. Rad1 Rd3 29. Nh5 Rf5 30. Be3 Nxe3 31. fxe3 Bxe3+ 32. Kh1 Rxd1 33. Rxd1 Rf2 0-1

[Event "SERBIA OPEN 2023 - MASTERS"]
[Site "Belgrade,Metropol Palace hotel"]
[Date "2023.07.21"]
[Round "6.64"]
[White "Zlatkov, Anton"]
[Black "Lopez Rayo, Isabella"]
[Result "1-0"]
[WhiteElo "2232"]
[BlackElo "1971"]
[PlyCount "121"]
[EventDate "2023.07.16"]

1. e4 c5 2. Nf3 d6 3. d4 cxd4 4. Nxd4 Nf6 5. Nc3 g6 6. Be3 Bg7 7. f3 O-O 8. Qd2 Nc6 9. O-O-O d5 10. exd5 Nxd5 11. Nxc6 bxc6 12. Bd4 e5 13. Bc5 Re8 14. Ne4 Qc7 15. h4 h6 16. g4 Be6 17. g5 h5 18. Bc4 Red8 19. Qf2 Nf4 20. Rxd8+ Rxd8 21. Bxe6 Nxe6 22. Rd1 Rxd1+ 23. Kxd1 Qd8+ 24. Kc1 Qd5 25. a3 Qa2 26. b3 Qa1+ 27. Kd2 Nd4 28. Bxd4 exd4 29. a4 Bf8 30. Qe2 Ba3 31. Kd3 Be7 32. Kc4 c5 33. Qd3 Qa3 34. Kd5 Qc1 35. Qd2 Qh1 36. Qf4 Qh3 37. Qe5 Qd7+ 38. Kc4 Qb7 39. Nxc5 Bxc5 40. Qxc5 Qxf3 41. Qxd4 Qc6+ 42. Kd3 Qf3+ 43. Kd2 Qg2+ 44. Kc3 Qf3+ 45. Kb2 Qg4 46. Qxa7 Qxh4 47. a5 Qe4 48. a6 Qe5+ 49. c3 Qh2+ 50. Ka3 Qd6+ 51. b4 Qc6 52. Qb8+ Kh7 53. a7 Qxc3+ 54. Ka4 Qc2+ 55. Ka5 Qa2+ 56. Kb6 Qe6+ 57. Kb7 Qd5+ 58. Kc8 Qe6+ 59. Kd8 Qd5+ 60. Ke8 Qe4+ 61. Kf8 1-0

[Event "SERBIA OPEN 2023 - MASTERS"]
[Site "Belgrade,Metropol Palace hotel"]
[Date "2023.07.21"]
[Round "6.65"]
[White "Chubakov, Sultan"]
[Black "Eldho, Skaria"]
[Result "0-1"]
[WhiteElo "2205"]
[BlackElo "1945"]
[PlyCount "74"]
[EventDate "2023.07.16"]

1. d4 Nf6 2. c4 e6 3. g3 d5 4. Nf3 Be7 5. Bg2 O-O 6. O-O dxc4 7. Ne5 Nc6 8. Bxc6 bxc6 9. Nxc6 Qe8 10. Nxe7+ Qxe7 11. Qc2 Qd6 12. Rd1 Ba6 13. Na3 Qb4 14. Bd2 Qb6 15. Be1 Rab8 16. Rab1 Qc6 17. f3 Nd5 18. Qd2 Qa4 19. Nc2 Rxb2 20. Rxb2 c3 21. Qc1 cxb2 22. Qxb2 Bxe2 23. Rc1 Bxf3 24. Qb3 Qxb3 25. axb3 Rb8 26. b4 c6 27. Ra1 Be4 28. Ra2 Bxc2 29. Rxc2 Nxb4 30. Rb2 a5 31. Kf1 Kf8 32. Ke2 Rb5 33. Bd2 Ke7 34. h4 Kd6 35. Bf4+ Kd5 36. Be5 f6 37. Bc7 a4 0-1

[Event "SERBIA OPEN 2023 - MASTERS"]
[Site "Belgrade,Metropol Palace hotel"]
[Date "2023.07.21"]
[Round "6.66"]
[White "Masic, Predrag"]
[Black "Teo, Hong Ming"]
[Result "0-1"]
[WhiteElo "2196"]
[BlackElo "1939"]
[PlyCount "66"]
[EventDate "2023.07.16"]

1. c4 e6 2. g3 d5 3. Bg2 Nf6 4. Nf3 d4 5. O-O c5 6. e3 Nc6 7. exd4 cxd4 8. d3 Bc5 9. Na3 h6 10. Nc2 a5 11. b3 O-O 12. a3 e5 13. Bb2 Qd6 14. Nd2 Rb8 15. h3 Bf5 16. Ne1 Qd7 17. Kh2 Rfe8 18. Qe2 Bf8 19. Rc1 b6 20. Ne4 Nxe4 21. dxe4 Be6 22. Nd3 b5 23. Qc2 bxc4 24. bxc4 f6 25. f4 Rb7 26. Qa4 Reb8 27. f5 Bf7 28. Rf2 Qc7 29. Bf1 Ra8 30. Be2 Nb8 31. Bd1 Nd7 32. c5 Nxc5 33. Nxc5 Bxc5 0-1

[Event "SERBIA OPEN 2023 - MASTERS"]
[Site "Belgrade,Metropol Palace hotel"]
[Date "2023.07.21"]
[Round "6.67"]
[White "Aashman, Gupta"]
[Black "Pogorelskikh, Sergey"]
[Result "1/2-1/2"]
[WhiteElo "1905"]
[BlackElo "2196"]
[PlyCount "90"]
[EventDate "2023.07.16"]

1. d4 Nf6 2. c4 g6 3. Nc3 Bg7 4. e4 d6 5. Nf3 O-O 6. Be2 e5 7. Be3 Na6 8. O-O c6 9. a3 exd4 10. Nxd4 Re8 11. f3 d5 12. cxd5 Nxd5 13. Bf2 Nf4 14. Bxa6 Qg5 15. Bg3 Rd8 16. Qc1 Bxd4+ 17. Kh1 Ne6 18. Bc4 Qxc1 19. Raxc1 Nf8 20. Bh4 Re8 21. Rcd1 Bg7 22. Rd3 Be6 23. Bxe6 Nxe6 24. Rfd1 a6 25. Bf2 Red8 26. Bb6 Rxd3 27. Rxd3 Kf8 28. Na4 Ke8 29. g3 Rc8 30. b4 Bf8 31. Nc5 Nxc5 32. bxc5 h5 33. Kg2 Ke7 34. f4 Re8 35. Kf3 Ke6 36. a4 f6 37. h3 Re7 38. Rd6+ Kf7 39. Rd8 f5 40. e5 Re8 41. Rd7+ Re7 42. Rd1 Re8 43. g4 hxg4+ 44. hxg4 Ke6 45. g5 Be7 1/2-1/2

[Event "SERBIA OPEN 2023 - MASTERS"]
[Site "Belgrade,Metropol Palace hotel"]
[Date "2023.07.21"]
[Round "6.68"]
[White "Pereverzev, Timofei"]
[Black "Mehmed, Elif"]
[Result "1/2-1/2"]
[WhiteElo "1895"]
[BlackElo "2196"]
[PlyCount "85"]
[EventDate "2023.07.16"]

1. e4 c5 2. a3 g6 3. b4 Bg7 4. Nc3 d6 5. g3 b6 6. Bg2 Bb7 7. Nge2 Nc6 8. Rb1 Rb8 9. O-O e6 10. d3 Nge7 11. b5 Nd4 12. Nxd4 cxd4 13. Ne2 O-O 14. Bb2 e5 15. c3 dxc3 16. Nxc3 d5 17. Qb3 d4 18. Ne2 Bc8 19. f4 Be6 20. Qa4 f6 21. Rbc1 Qd7 22. Qb4 Rfc8 23. a4 Rxc1 24. Rxc1 Rc8 25. Ba3 Rxc1+ 26. Nxc1 Nc8 27. Bf3 Qd8 28. Bd1 Bf8 29. Qxf8+ Qxf8 30. Bxf8 Kxf8 31. fxe5 fxe5 32. Bb3 Ke7 33. Bxe6 Kxe6 34. Kf2 Nd6 35. Nb3 Nb7 36. Ke2 Kd6 37. Nd2 Nc5 38. Nc4+ Ke6 39. Nb2 h5 40. h4 Nb3 41. Nc4 Nc5 42. Nb2 Nb3 43. Nc4 1/2-1/2

[Event "SERBIA OPEN 2023 - MASTERS"]
[Site "Belgrade,Metropol Palace hotel"]
[Date "2023.07.21"]
[Round "6.69"]
[White "Karaivanova, Petya"]
[Black "Nurgali, Nazerke"]
[Result "0-1"]
[WhiteElo "1841"]
[BlackElo "2192"]
[PlyCount "68"]
[EventDate "2023.07.16"]

1. e4 c5 2. Nf3 Nc6 3. d4 cxd4 4. Nxd4 Nf6 5. Nc3 e6 6. Be3 Bb4 7. Bd3 d5 8. exd5 Nxd5 9. Nxc6 bxc6 10. O-O Nxe3 11. fxe3 Qb6 12. Qf3 O-O 13. Ne4 f5 14. Ng5 Be7 15. Nh3 e5 16. Bc4+ Kh8 17. Kh1 Bd7 18. Rad1 Rad8 19. b3 c5 20. Qg3 Qf6 21. Nf2 f4 22. exf4 exf4 23. Qf3 Qh4 24. Rde1 Bd6 25. Bd5 Rf6 26. Ne4 Rh6 27. h3 Be5 28. Nxc5 Bxh3 29. gxh3 Qxh3+ 30. Qxh3 Rxh3+ 31. Kg2 Rg3+ 32. Kh2 Rxd5 33. Rxf4 Re3 34. Kg2 Bxf4 0-1

[Event "SERBIA OPEN 2023 - MASTERS"]
[Site "Belgrade,Metropol Palace hotel"]
[Date "2023.07.21"]
[Round "6.70"]
[White "Shadyev, Damir"]
[Black "Krstic, Milos"]
[Result "1/2-1/2"]
[WhiteElo "1741"]
[BlackElo "2183"]
[PlyCount "117"]
[EventDate "2023.07.16"]

1. e4 c6 2. Nc3 d5 3. Nf3 Bg4 4. h3 Bxf3 5. Qxf3 e6 6. d3 Nd7 7. Be2 Bd6 8. Bf4 Bxf4 9. Qxf4 Ne7 10. O-O O-O 11. exd5 cxd5 12. d4 Nc6 13. Nd1 Qf6 14. Qxf6 Nxf6 15. c3 Rfc8 16. Ne3 a6 17. a4 b6 18. Bd3 g6 19. f4 h5 20. g4 hxg4 21. hxg4 Kg7 22. Kg2 Rh8 23. Rh1 Rxh1 24. Rxh1 Na5 25. Kf3 Nb7 26. g5 Ne8 27. Ng4 Nbd6 28. Ne5 Ra7 29. Re1 Nf5 30. Bxf5 gxf5 31. Rh1 Nd6 32. g6 Rb7 33. gxf7 Nxf7 34. Rg1+ Kh7 35. Nxf7 Rxf7 36. Re1 Re7 37. Rg1 Rc7 38. Re1 Rc6 39. Rh1+ Kg7 40. Rg1+ Kf7 41. Rh1 Rc4 42. Rh7+ Kf6 43. Rb7 Rxa4 44. Rxb6 Ra2 45. Ke3 Ra1 46. Kf3 Rb1 47. Rxa6 Rxb2 48. Rc6 Ke7 49. Rc5 Kd7 50. Ke3 Rh2 51. Kf3 Rh3+ 52. Kf2 Kd6 53. Rc8 Rh2+ 54. Kf3 Ra2 55. Ke3 Ra1 56. Rc5 Re1+ 57. Kf3 Ra1 58. Ke3 Ra4 59. Kd3 1/2-1/2

[Event "SERBIA OPEN 2023 - MASTERS"]
[Site "Belgrade,Metropol Palace hotel"]
[Date "2023.07.21"]
[Round "6.71"]
[White "Beukes, Dante M"]
[Black "Dakic, Marta"]
[Result "1-0"]
[WhiteElo "2180"]
[BlackElo "1884"]
[PlyCount "111"]
[EventDate "2023.07.16"]

1. e4 e5 2. Nf3 Nc6 3. Bb5 Nf6 4. O-O Nxe4 5. Re1 Nd6 6. Nxe5 Be7 7. Bf1 Nxe5 8. Rxe5 O-O 9. d4 Bf6 10. Re1 Re8 11. Bf4 Rxe1 12. Qxe1 Ne8 13. Nc3 d6 14. d5 g6 15. h3 Ng7 16. Rd1 Bf5 17. Qd2 h5 18. Nb5 a6 19. Nd4 Qd7 20. Nxf5 Qxf5 21. c4 b6 22. Bd3 Qd7 23. Re1 a5 24. b3 Re8 25. Rxe8+ Nxe8 26. Qe2 Ng7 27. g4 a4 28. b4 hxg4 29. hxg4 a3 30. Bd2 Bb2 31. f3 Qd8 32. Kg2 Qh4 33. Qe1 Qf6 34. Bc2 Qd4 35. Bb3 Qd3 36. Qe3 Qxe3 37. Bxe3 Bc3 38. c5 Bxb4 39. cxb6 cxb6 40. Bxb6 Ne8 41. Kf1 Nf6 42. Ke2 Nd7 43. Bc7 Bc5 44. Kd2 Kf8 45. Bd8 Ke8 46. Bg5 Ne5 47. Bd1 Nc4+ 48. Kc3 Ne3 49. Bb3 Kd7 50. Kd3 Nf1 51. Ba4+ Kc7 52. Be8 f5 53. Bxg6 fxg4 54. fxg4 Nh2 55. Bf5 Nf3 56. Bf6 1-0

[Event "SERBIA OPEN 2023 - MASTERS"]
[Site "Belgrade,Metropol Palace hotel"]
[Date "2023.07.21"]
[Round "6.72"]
[White "Dabhade, Arnav"]
[Black "Mandura, Tijana"]
[Result "1-0"]
[WhiteElo "1726"]
[BlackElo "2174"]
[PlyCount "42"]
[EventDate "2023.07.16"]

1. e4 c5 2. Nf3 d6 3. Bb5+ Nd7 4. c3 a6 5. Ba4 Ngf6 6. Bc2 e6 7. O-O Be7 8. Re1 O-O 9. d4 e5 10. d5 Nh5 11. a4 b6 12. c4 g6 13. Bd2 Ng7 14. a5 b5 15. b4 bxc4 16. Qe2 f5 17. Qxc4 fxe4 18. Bxe4 cxb4 19. Bxb4 Bb7 20. Nbd2 Kh8 21. Ra2 Nf6 {...} 1-0